000 00786nam a2200241Ia 4500
003 OSt
005 20220923224742.0
006 a|||||r|||| 00| 0
007 ta
008 220922b |||||||| |||| 00| 0 hin d
024 _a249,683
037 _cTextual
040 _aARTS
_cARTS
_bhin
041 _2hin
_ahin
082 _aO111vN3, 152K0
100 _aद्विवेदी, राम अवध
245 0 _aअंग्रेजी भाषा और साहित्य
246 _aAangrejī bhāṣhā aur sāhitya
260 _aउतर
_bप्रदेश
_c1960
650 _aहिन्दी साहित्य
_9156264
942 _hO111vN3, 152K0
_cTEXL
_2CC
999 _c373428
_d373428